Finger print is a replica religion and God/ (Record no. 186460)

MARC details
000 -LEADER
fixed length control field 00557nam a22001817a 4500
005 - DATE AND TIME OF LATEST TRANSACTION
control field 20220304162101.0
010 ## - LCCN (DPL NO)
LC control number ENG-131844
020 ## - INTERNATIONAL STANDARD BOOK NUMBER
International Standard Book Number 9788184655490
Terms of availability 100.00
035 ## - SYSTEM CONTROL NUMBER
System control number EN-115376
037 ## - SOURCE OF ACQUISITION
Source of stock number/acquisition DBAD/PUB
082 ## - DEWEY DECIMAL CLASSIFICATION NUMBER
Classification number 100
100 ## - MAIN ENTRY--PERSONAL NAME
Personal name PADMANABAN, A.M
245 ## - TITLE STATEMENT
Title Finger print is a replica religion and God/
Statement of responsibility, etc A.M. Padmanaban
260 ## - PUBLICATION, DISTRIBUTION, ETC. (IMPRINT)
Place of publication, distribution, etc CHENNAI
Name of publisher, distributor, etc Finger print, expert
Date of publication, distribution, etc 2000
270 ## - ADDRESS
Address deputy supdt of police tamil nadu finger print bureau
City CHENNAI
Postal code 600004
300 ## - PHYSICAL DESCRIPTION
Extent 86p.
Dimensions 21cm(pbk)
942 ## - ADDED ENTRY ELEMENTS (KOHA)
Source of classification or shelving scheme Dewey Decimal Classification
Item type English Books
Classification part 100
Call number suffix PAD
Holdings
Withdrawn status Lost status Not for loan Collection code Home library Current library Date acquired Source of acquisition Cost, normal purchase price Full call number Barcode Copy number Cost, replacement price Koha item type
      Non-fiction Bawana Bawana 04/03/2022 DBAD/PUB 100.00 100 PAD EN-115376 1 100.00 English Books

© Delhi Public Library
Hit Counter
free hit counter